000
00366nam a2200145Ia 4500
008
230411s9999 xx 000 0 und d
020
_a
81-7473-254-3
041
_a
eng
082
_a
C/004/JAI/SAK/B01957
100
_a
Jain N & Sakshi M
_9
177140
245
_a
Computer For Nurses
260
_b
ALLBS
_a
New Delhi
_c
2004
300
_a
388p
999
_c
153193
_d
153193